000 00674nam a22002177a 4500
999 _c14027
_d14027
003 AR-CdUCM
008 190417b ||||| |||| 00| 0 spa d
040 _aMUNICIPALIDAD PROVINCIAL DEL CUSCO
_cBIBLIOTECA MUNICIPAL DEL CUSCO
082 _a869.26 /
_bC574
100 _aChristiansen, Myrta
_932692
245 _aDialogos con Ulises /
260 _aBuenos Aires :
_bColombo,
_c1965.
300 _a74 paginas ;
_c23 cm.
500 _aDedicatoria a Luis Nieto Donación de la familia Nieto
650 _aPoesia
_91598
650 _aLiteratura
_983
650 _aArgentina
_9511
700 _aColombo, Francisco
_932693
942 _2ddc
_cLIBROS
945 _apjha
_d2019-04-17